| 000 | 01454cam a2200433 a 4500 | ||
|---|---|---|---|
| 001 | 22464 | ||
| 003 | SK-KTurca | ||
| 005 | 20260328130512.0 | ||
| 008 | 240226s1993 xo g 000 f slo | ||
| 015 | _aSNBA1994/04 | ||
| 020 |
_a8085352141 _q(zväzok 2 ; _qviazané) |
||
| 020 |
_a8085352125 _q(súbor ; _qviazané) |
||
| 035 | _aSNK000017504 | ||
| 040 |
_aSNK _bslo _cSNK _eAACR2 |
||
| 041 | 1 |
_aslo _bfre |
|
| 044 |
_axo _cSK |
||
| 072 | 7 |
_a821.133.1-3 _xFrancúzska próza, francúzsky písaná _2konspekt |
|
| 080 |
_a840-3 _21981 |
||
| 080 |
_a821.133.1-31 _22011 |
||
| 080 |
_a(0:82-312.5) _22011 |
||
| 080 |
_a(0:82-311.6) _22011 |
||
| 100 | 1 |
_aBenzoni, Juliette, _d1920-2016 _4aut |
|
| 240 | 1 | 4 |
_aLes Treize vents _n2 _pLe réfugié _lSlovensky |
| 245 | 1 | 0 |
_aLáska v tieni gilotíny _cJuliette Benzoni ; z francúzskeho originálu Les Treize vents 1 Le réfugié ... preložili Zuzana Hybská a Peter Solivajs |
| 246 | 3 | 0 | _aTrinásť vetrov 2 |
| 250 | _a1. vydanie | ||
| 260 |
_aBratislava _bRemedium _c1993 |
||
| 300 |
_a285 strán _c21 cm |
||
| 655 | 7 |
_afrancúzske romány _2SNKPH |
|
| 655 | 7 |
_aľúbostné romány _2SNKPH |
|
| 655 | 7 |
_ahistorické romány _2SNKPH |
|
| 655 | 7 |
_aFrench fiction _2SNKPHeng |
|
| 655 | 7 |
_aLove novels _2SNKPHeng |
|
| 655 | 7 |
_aHistorical novels _2SNKPHeng |
|
| 700 | 1 |
_aHybská, Zuzana _4trl |
|
| 700 | 1 |
_aSolivajs, Peter _4trl |
|
| 787 | 0 | 8 |
_iZo série: _tTrinásť vetrov _g2 |
| 942 |
_2ddc _cKLDO _n0 |
||
| 999 |
_c22464 _d22464 |
||